[Event "Belp op"]
[Site "Belp"]
[Date "2015.05.24"]
[Round "4"]
[White "Kokkinis, Ioannis"]
[Black "Rickly, Matthieu"]
[Result "1/2-1/2"]
[WhiteElo "1766"]
[BlackElo "2065"]
[PlyCount "68"]
[EventDate "2015.05.23"]
[EventType "swiss"]
[EventRounds "5"]
[EventCountry "SUI"]
[SourceTitle "EXT 2016"]
[Source "ChessBase"]
[SourceDate "2015.10.08"]
[SourceVersion "1"]
[SourceVersionDate "2015.10.08"]
[SourceQuality "1"]

1. d4 Nf6 2. c4 g6 3. Nf3 Bg7 4. Nc3 0-0 5. e3 d6 6. Be2 Nbd7 7. 0-0 c6 8. b3 Re8 9. Bb2 e5 10. dxe5 dxe5 11. e4 Qc7 12. Qc2 Nf8 13. h3 Be6 14. Nd1 Nh5 15. Ne3 Rad8 16. Rfd1 Nf4 17. Bf1 Bc8 18. Rxd8 Rxd8 19. Rd1 f6 20. Kh2 N4e6 21. g3 Ng5 22. Nxg5 fxg5 23. Qc1 Ne6 24. Ng4 Rxd1 25. Qxd1 Nd4 26. Bxd4 exd4 27. Kg1 h5 28. Nh2 Qe7 29. Bg2 Kh7 30. Qd3 g4 31. hxg4 hxg4 32. Qe2 Qg5 33. Qd1 c5 34. Qc2 Bd7 1/2-1/2

[Event "Ascona op 10th"]
[Site "Ascona"]
[Date "2015.04.15"]
[Round "2"]
[White "Boschetti, Claudio"]
[Black "Rickly, Matthieu"]
[Result "0-1"]
[WhiteElo "2129"]
[BlackElo "2070"]
[PlyCount "106"]
[EventDate "2015.04.14"]
[EventType "swiss"]
[EventRounds "5"]
[EventCountry "SUI"]
[SourceTitle "CBM 166 Extra"]
[Source "ChessBase"]
[SourceDate "2015.06.18"]
[SourceVersion "1"]
[SourceVersionDate "2015.06.18"]
[SourceQuality "1"]

1. e4 e5 2. Bc4 Nc6 3. Nf3 Bc5 4. c3 Nf6 5. d4 exd4 6. 0-0 Nxe4 7. cxd4 Bb6 8. Re1 d5 9. Bxd5 Qxd5 10. Nc3 Qf5 11. Rxe4+ Be6 12. Bg5 h6 13. d5 hxg5 14. dxe6 fxe6 15. h3 0-0 16. Qe2 Rad8 17. Rf1 Nd4 18. Nxd4 Rxd4 19. Kh1 Rxe4 20. Nxe4 Rd8 21. f3 c5 22. Qe3 g4 23. Ng3 Qd5 24. fxg4 Bc7 25. Nh5 Qe5 26. Qg1 c4 27. Re1 Qd6 28. Re4 Qd5 29. Re2 Qd3 30. Qe1 Qd6 31. g3 e5 32. g5 Rf8 33. Rd2 Qe6 34. Kh2 Qf5 35. Qe2 b5 36. a4 a6 37. axb5 axb5 38. h4 Bb6 39. Qg2 e4 40. Rd6 Qc5 41. Rd2 Rf2 42. Rxf2 Qxf2 43. g4 Qxg2+ 44. Kxg2 Bd4 45. Ng3 Bxb2 46. Nxe4 c3 47. Nc5 c2 48. Nb3 c1Q 49. Nxc1 Bxc1 50. Kf3 Kf7 51. Ke4 b4 52. Kd3 Kg6 53. Kc2 Bxg5 0-1